|
|
|
|
| LEADER |
02984nam a2200373 a 4500 |
| 001 |
31484 |
| 003 |
BD-DhAAL |
| 005 |
20211125110828.0 |
| 008 |
161207r20152011enk b 001 0 eng c |
| 999 |
|
|
|c 37772
|d 37772
|
| 010 |
|
|
|a 2011924163
|
| 016 |
7 |
|
|a 015795112
|2 Uk
|
| 020 |
|
|
|a 1848443544 (hbk. : alk. paper)
|
| 020 |
|
|
|a 9781848443549 (hbk. : alk. paper)
|
| 020 |
|
|
|a 9780857932952 (paperback)
|
| 040 |
|
|
|a YDXCP
|c YDXCP
|d CDX
|d BWK
|d BWX
|d UPM
|d UKMGB
|d ERASA
|d DLC
|d BD-DhAAL
|
| 042 |
|
|
|a pcc
|
| 050 |
0 |
0 |
|a KZ1234
|b .R47 2011
|
| 082 |
0 |
0 |
|a 341
|
| 245 |
0 |
0 |
|a Research handbook on the theory and history of international law /
|c edited by Alexander Orakhelashvili.
|
| 260 |
|
|
|a Cheltenham, UK ;
|a Northampton, MA, USA :
|b Edward Elgar,
|c c2011.
|
| 300 |
|
|
|a xi, 543 p. ;
|c 26 cm.
|
| 490 |
1 |
|
|a Research handbooks in international law
|
| 504 |
|
|
|a Includes bibliographical references and index.
|
| 505 |
0 |
0 |
|a Pt. I. The essence and development of international legal theory -- The relevance theory and history : the essence and origins of international law / Alexander Orakhelashvili -- Early-modern scholarship on international law / Alain Wiffels -- Natural law and the law of nations / Patrick Capps -- The origins of consensual positivism : Pufendorf, Wolff and Vattel / Alexander Orakhelashvili -- The transformation of international law in the 19th century / Amnon Lev -- Hans Kelsen's place in international legal theory / Jörg Kammerhofer -- 'The holiness of the heart;s affection' : Philip Allott's theory of social idealism -- Pt. II. Thematic aspects of international legal theory -- International human rights law theory / Frédéric Mégret -- The philosophy of international criminal law / Robert Cryer -- International law and EU law : between asymmetric constitutionalisation and fragmentation / Katja S. Ziegler -- International law, international politics and ideology / Alexander Orakhelashvili -- Pt. III History of international law -- Periodization and international law / William E. Butler -- Acculturation through the Middle Ages : the Islamic law of nations and its place in the history of international law / Jean Allain -- The classical law of nations (1500-1800) / Randall Lesaffer -- The 19th-century life of international law / Alexander Orakhelashvili -- International law between universality and regional fragmentation : the historical case of Russia / Lauri Mälksoo -- International law in the 20th century / Carlo Focarelli.
|
| 526 |
|
|
|a SoL
|
| 541 |
|
|
|e 31484
|
| 650 |
|
0 |
|a International law
|x Research
|x Methodology.
|9 20796
|
| 650 |
|
0 |
|a International law
|x History.
|9 20797
|
| 650 |
|
0 |
|a Law.
|9 43136
|
| 700 |
1 |
|
|a Orakhelashvili, Alexander.
|9 20798
|
| 830 |
|
0 |
|a Research handbooks in international law series.
|9 20799
|
| 942 |
|
|
|2 ddc
|c BK
|
| 952 |
|
|
|0 0
|1 0
|2 ddc
|4 0
|6 341_000000000000000_RES
|7 0
|9 59829
|a BRACUL
|b BRACUL
|c GEN
|d 2016-11-13
|e Trim Education
|g 4918.00
|l 2
|m 27
|o 341 RES
|p 3010031484
|r 2025-01-02
|s 2024-06-09
|t 1
|v 4918.00
|w 2016-11-13
|y BK
|